00221 a2200109 4500001000700000020000600007040001100013100001900024240003200043245002700075362000900102169493 a  cMagnum aBruner, Jerome10aO processo da educacaolpor10aO processo da educacao0 a1899